Stink : (Record no. 618)
[ view plain ]
| 000 -CABECERA | |
|---|---|
| campo de control de longitud fija | 01137nam a22002774c 4500 |
| 003 - IDENTIFICADOR DE NUMERO DE CONTROL | |
| campo de control | AR-BaSMT |
| 008 - CAMPOS DE LONGITUD FIJA | |
| campo de control de longitud fija | 260407b aga|||br|||| 001 1 spa d |
| 020 ## - ISBN: Indicadores indefinidos | |
| Número ISBN | 9789870410638 |
| 040 ## - FUENTE DE CATALOGACION | |
| Agencia de catalogación original | BSGB |
| Idioma de catalogación | español |
| Agencia que realiza la transcripción | BSGB |
| Convenciones de la descripción | rda |
| 041 1# - CODIGO DE IDIOMA | |
| Código idioma | Ing |
| Idioma original | Inglés |
| 080 ## - CDU | |
| CDU completo | 82-31MCD |
| 100 1# - PUNTO DE ACCESO PRINCIPAL | |
| Nombre de persona | McDonald, Megan |
| Enlace autoridades | 455 |
| 245 10 - MENCION DE TITULO | |
| Título | Stink : |
| Subtítulo | el niño menguante |
| 246 21 - VARIANTE DE TÍTULO | |
| Título | Stink : |
| Subtítulo | the incredible shrinking kid |
| 264 #1 - PRODUCCIÓN, PUBLICACIÓN, DISTRIBUCIÓN, ETC. | |
| Lugar de publicación, etc. | Buenos aires : |
| Nombre editor. | Alfaguara , |
| Fecha | 2008 |
| 300 ## - DESCRIPCION FISICA | |
| Extensión | 104 páginas ; |
| Otros detalles físicos | ilustraciones blanco y negro |
| 336 ## - TIPO DE CONTENIDO | |
| rdacontent | rdacontent |
| texto | texto |
| txt | txt |
| 337 ## - TIPO DE MEDIO | |
| rdamedia | rdamedia |
| sin mediación | sin mediación |
| n | n |
| 338 ## - TIPO DE SOPORTE | |
| rdacarrier | rdacarrier |
| volumen | volumen |
| nc | nc |
| 490 ## - TÍTULO DE LA SERIE | |
| Número de serie | 1 |
| 520 ## - NOTA DE SUMARIO, RESUMEN, ETC. | |
| Toda la nota | Bajo, bajito...¡bajísimo!<br/>Todas las mañanas, Judy mide a Stink y siempre, mide lo mismo: noventa y siete centímetros. ¡Hasta Newton, un tritón que es la mascota de su clase, está creciendo más rápido que él! Pero un día, sucede algo aún peor: ¡Stink mide medio centímetro menos! ¡No puede ser! ¿O sí? ¿Se estará encogiendo? |
| 650 #7 - PUNTO DE ACCESO ADICIONAL DE MATERIA – TÉRMINO TEMÁTICO | |
| Enlace autoridades | 8 |
| Término de materia o nombre geográfico como elemento de entrada | LITERATURA INFANTIL |
| 650 #7 - PUNTO DE ACCESO ADICIONAL DE MATERIA – TÉRMINO TEMÁTICO | |
| Enlace autoridades | 34 |
| Término de materia o nombre geográfico como elemento de entrada | NOVELA DE AVENTURAS |
| 942 ## - ELEMENTOS AGREGADOS (KOHA) | |
| CDU | Clasificación Decimal Dewey |
| Tipo de ítem | Libros |
| Disponible | Perdido | Fuente de clasificación | Estado | Ubicación permanente | Locación actual | Estante o sala | Fuente de adquisición | Número de inventario | Total préstamos | Signatura topográfica | Código de barras | Numero de ejemplar | Tipo de item de Koha | Calificador de localización códificado |
|---|---|---|---|---|---|---|---|---|---|---|---|---|---|---|
| Clasificación Decimal Dewey | Biblioteca Susana G. De Batemarco | Biblioteca Susana G. De Batemarco | Verde | donación | 000734 | 82-31 MCD | 000734 | 1 | Libros |
